Holding ako forma podnikania európskej spoločnosti
Európske spoločnosti (Societas Europaea, skratka SA), nová forma právnických osôb. Legislatíva a vznik európskej spoločnosti na území Slovenskej republiky (zákon č. 562/2004 Z.z.). Smernice Rady 2001/ 86 / ES a splnomocňujúce ustanovenia nariadenia Rady č. 2157/2001 o stanovách európskej spoločnosti...
Guardado en:
| Autor principal: | |
|---|---|
| Formato: | Capítulo de libro |
| Lenguaje: | eslovaco |
| Materias: | |
| Etiquetas: |
Sin Etiquetas, Sea el primero en etiquetar este registro!
|
MARC
| LEADER | 00000naa$a2200000$$$4500 | ||
|---|---|---|---|
| 001 | 0102754 | ||
| 005 | 20240502072120.7 | ||
| 041 | 0 | |a slo | |
| 044 | |a SK | ||
| 245 | 1 | 0 | |a Holding ako forma podnikania európskej spoločnosti |c Anna Harumová |
| 520 | |a Európske spoločnosti (Societas Europaea, skratka SA), nová forma právnických osôb. Legislatíva a vznik európskej spoločnosti na území Slovenskej republiky (zákon č. 562/2004 Z.z.). Smernice Rady 2001/ 86 / ES a splnomocňujúce ustanovenia nariadenia Rady č. 2157/2001 o stanovách európskej spoločnosti. Základné pojmové znaky a štyri rôzne spôsoby vzniku európskej spoločnosti. | ||
| 610 | 2 | 0 | |a spoločnosti holdingové |
| 610 | 2 | 0 | |a podnikanie medzinárodné |
| 610 | 2 | 0 | |a Európska únia |
| 610 | 2 | 0 | |a Slovensko |
| 610 | 2 | 0 | |a smernice |
| 610 | 2 | 0 | |a legislatíva |
| 610 | 2 | 0 | |a riadenie |
| 100 | 1 | |a Harumová, Anna, 1955- | |